Movies Quiz

Random Movies or Quote Quiz
Score 0/20 Timer 05:00
0 Plays Today
% Correct
Chocolates
95%
Po-tay-toes
90.2%
Apple
90.1%
'Mallow
89.8%
Eggs
87.8%
Bread
87.6%
Candy Canes
87.3%
Cheese
83.2%
Jam
82.3%
Strawberries
81%
% Correct
Cannoli
79.8%
Pumpkin
74%
Chocolate Cake
70.3%
Pancakes
69.1%
Pez
68.6%
Turkey
67.3%
Tots
67.2%
Oreos
62.4%
Porridge
61.6%
Lamb
54.3%
Remove Ads.
Support Sporcle.
Get the best of Sporcle when you Go Orange. This ad-free experience offers more features, more stats, and more fun while also helping to support Sporcle. Thank you for becoming a member.

You're not logged in!

Compare scores with friends on all Sporcle quizzes.
OR
Log In

Show Comments

Extras

Top Quizzes Today


Score Distribution

Your Account Isn't Verified!

In order to create a playlist on Sporcle, you need to verify the email address you used during registration. Go to your Sporcle Settings to finish the process.

Report this User

Report this user for behavior that violates our Community Guidelines.

Details: